000 00536nam a2200217Ia 4500
008 210210b2018 xxu||||| |||| 00| 0 eng d
020 _a9789385750045
041 _aeng
082 _a658.7 AGAT
100 _aAGARWAL (D K)
245 _aTextbook of logistics and supply chain management
260 _aBengaluru
_bTrinity Press
_c2018
300 _axvi,356
650 _aTextbook
650 _asupply
650 _amanagement
650 _alogistics
650 _achain
690 _aMaterials Management
906 _a073018
999 _c122812
_d122812